O projekcie programu na lata 1991-1993.

Perspektívny cieľ prispôsobenie kvantitatívnych čęt poľskej ekonomiky a jej fungovania štandardom a požiadavkam budúcej integrovanej Európy. Interpretácie a hodnotenia rozvojových procesov a premien trhového hospodárstva. Problémy štátneho intervencionizmu. Privatizáciou k prevahe súkromného vlastní...

Descripción completa

Guardado en:
Detalles Bibliográficos
Autor principal: Porwit, K.
Formato: Capítulo de libro
Lenguaje:polaco
Materias:
Etiquetas: Agregar Etiqueta
Sin Etiquetas, Sea el primero en etiquetar este registro!

MARC

LEADER 00000naa a2200000 4500
001 r002912
005 20220819192253.1
041 0 |a pol 
044 |a PL 
245 1 0 |a O projekcie programu na lata 1991-1993.  |c K. Porwit 
520 |a Perspektívny cieľ prispôsobenie kvantitatívnych čęt poľskej ekonomiky a jej fungovania štandardom a požiadavkam budúcej integrovanej Európy. Interpretácie a hodnotenia rozvojových procesov a premien trhového hospodárstva. Problémy štátneho intervencionizmu. Privatizáciou k prevahe súkromného vlastníctva. Program terapeutickej činnosti. 
610 2 0 |a PR 
610 2 0 |a politika hospodárska 
610 2 0 |a programy rozvojové 
610 2 0 |a hospodárstvo trhové 
610 2 0 |a intervencionizmus štátny 
610 2 0 |a privatizácia 
610 2 0 |a výhľad dlhodobý 
610 2 0 |a 1991-1993 
100 1 |a Porwit, K.